[Event "Euro Online U2300 Day 1"]
[Site "chess.com INT"]
[Date "2020.05.25"]
[Round "4"]
[White "Droin, Augustin"]
[Black "Akhayan, Ruben"]
[Result "1-0"]
[WhiteTitle "FM"]
[BlackTitle "FM"]
[WhiteElo "2313"]
[BlackElo "2255"]
[WhiteFideId "45105987"]
[BlackFideId "204439"]
[EventDate "2020.05.25"]

1. e4 e6 2. d4 d5 3. Nc3 Nf6 4. Bg5 Be7 5. e5 Nfd7 6. h4 c5 7. Bxe7 Qxe7 8. Nb5
O-O 9. Nc7 cxd4 10. Nxa8 f6 11. Qxd4 fxe5 12. Qe3 Qb4+ 13. Qc3 Qe4+ 14. Ne2 Nc6
15. Nc7 Nb4 16. f3 Qxc2 17. Qxb4 Qxc7 18. Rc1 Qd8 19. Qd6 Qa5+ 20. b4 Qd8 21.
Qxe6+ Kh8 22. Qxd5 Qe7 23. Qd2 e4 24. fxe4 Qxe4 25. Qd4 Qf5 26. g4 Qf3 27. Rg1
Re8 28. Rc3 Qf7 29. Re3 Rf8 30. Bg2 Qxa2 31. Rf1 Nf6 32. g5 Qb1+ 33. Kd2 Qa2+
34. Kc1 Bg4 35. gxf6 Rc8+ 36. Nc3 Qa3+ 37. Kd2 Qb2+ 38. Ke1 Qc1+ 39. Kf2 Qb2+
40. Kg1 1-0

[Event "Euro Online U2300 Day 1"]
[Site "chess.com INT"]
[Date "2020.05.25"]
[Round "4"]
[White "Anfinogenov, Artem"]
[Black "Abozenko, Georg"]
[Result "0-1"]
[WhiteElo "2054"]
[BlackElo "2058"]
[WhiteFideId "4197461"]
[BlackFideId "4500210"]
[EventDate "2020.05.25"]

1. d4 Nf6 2. c4 c5 3. d5 e6 4. Nc3 exd5 5. cxd5 g6 6. e4 d6 7. Nf3 a6 8. Bf4 b5
9. Qe2 Bg7 10. e5 dxe5 11. Qxe5+ Qe7 12. O-O-O Nh5 13. Qxe7+ Kxe7 14. Be3 Nd7
15. Ne4 c4 16. Bd4 Bb7 17. Nc5 Bxd4 18. Re1+ Kd6 19. Nxb7+ Kc7 20. Na5 Bc5 21.
Nc6 Rhe8 22. Rd1 Bxf2 23. g3 Nhf6 24. Nb4 Bc5 25. Nc2 Nb6 26. Nb4 Bxb4 27. Bg2
Rad8 28. a3 Bc5 29. Ng5 Be3+ 30. Kb1 Bxg5 0-1

[Event "Euro Online U2300 Day 1"]
[Site "chess.com INT"]
[Date "2020.05.25"]
[Round "4"]
[White "Jovancevic, Jovan"]
[Black "Lisin, Egor"]
[Result "0-1"]
[WhiteElo "2117"]
[BlackElo "1943"]
[WhiteFideId "900702"]
[BlackFideId "34147257"]
[EventDate "2020.05.25"]

1. d4 Nf6 2. c4 g6 3. Nc3 Bg7 4. e4 O-O 5. Nf3 d6 6. Be2 e5 7. O-O exd4 8. Nxd4
Re8 9. f3 Nc6 10. Be3 Nh5 11. Nc2 f5 12. Qd2 Nf6 13. Bg5 fxe4 14. fxe4 Rf8 15.
Bd3 Ne5 16. Nd5 c6 17. Nxf6+ Bxf6 18. Rxf6 Rxf6 19. Be2 Qb6+ 20. Kh1 Rf7 21. Ne3
Qc7 22. Rd1 Be6 23. Qxd6 Qxd6 24. Rxd6 Bg4 25. Nxg4 Nxg4 26. c5 Nf2+ 27. Kg1
Nxe4 28. Bc4 Nxg5 29. h4 Ne4 30. Rd7 Rf8 31. Rxb7 Kg7 32. Bxf7 Rxf7 33. Rb8 Nxc5
34. Rc8 Nd3 35. Rxc6 Nxb2 36. g3 Nd3 37. a4 h5 38. Kg2 Ne5 39. Ra6 Ng4 40. Ra5
Rf2+ 41. Kg1 Rf7 42. Kg2 Ne3+ 43. Kh3 Rf2 44. Rxa7+ Kh6 45. g4 hxg4+ 46. Kg3
Rf3+ 47. Kh2 g3+ 0-1

[Event "Euro Online U2300 Day 1"]
[Site "chess.com INT"]
[Date "2020.05.25"]
[Round "4"]
[White "Cevizci, Yusuf Baran"]
[Black "Tereladze, Sopiko"]
[Result "1/2-1/2"]
[BlackTitle "WIM"]
[WhiteElo "1789"]
[BlackElo "2141"]
[WhiteFideId "34565400"]
[BlackFideId "13600486"]
[EventDate "2020.05.25"]

1. e4 e5 2. Nf3 Nc6 3. Nc3 Nf6 4. Be2 d5 5. exd5 Nxd5 6. O-O Nxc3 7. bxc3 Bd6 8.
Re1 O-O 9. Rb1 e4 10. Nd4 Nxd4 11. cxd4 c5 12. d5 Qg5 13. d3 Qxd5 14. dxe4 Qxa2
15. Rb3 Be5 16. Bc4 Qa5 17. Bd2 Qc7 18. g3 Be6 19. Bd5 Bxd5 20. exd5 b6 21. c4
Bd4 22. Be3 Bf6 23. Bf4 Qd7 24. Qd3 Rfe8 25. Rxe8+ Rxe8 26. Kg2 Bd4 27. Ra3 h6
28. h4 Be5 29. Bxe5 Rxe5 30. Qf3 Re7 31. Qf4 Kh7 32. Re3 Rxe3 33. fxe3 a5 34.
Qe4+ Kg8 35. Qb1 Qd6 36. Qb5 Kf8 37. Kf3 Ke7 38. Qa6 g6 39. Ke4 h5 40. Kd3 Kf6
41. Qb5 Kf5 42. Qe8 Kf6 43. Qb5 Kg7 44. Qe8 Qxg3 45. Qe7 Qe1 46. d6 Qb1+ 47. Ke2
Qc2+ 48. Kf3 Qf5+ 49. Ke2 Qc2+ 50. Kf3 Qf5+ 51. Ke2 Qc2+ 1/2-1/2

[Event "Euro Online U2300 Day 1"]
[Site "chess.com INT"]
[Date "2020.05.25"]
[Round "4"]
[White "Jeszenszky, Jozsef"]
[Black "Jakubowska, Anna"]
[Result "1-0"]
[BlackTitle "WIM"]
[WhiteElo "2099"]
[BlackElo "2073"]
[WhiteFideId "753564"]
[BlackFideId "1121952"]
[EventDate "2020.05.25"]

1. d4 d5 2. c4 c6 3. cxd5 cxd5 4. Bf4 Nc6 5. e3 a6 6. Bd3 Nf6 7. Nc3 e6 8. Rc1
Be7 9. Nf3 O-O 10. O-O Bd7 11. h3 b5 12. Ne5 Rc8 13. a4 b4 14. Nb1 Qb6 15. Bg5
Rfd8 16. Nd2 h6 17. Bh4 Be8 18. Nb3 g5 19. Bg3 Nxe5 20. Bxe5 Bxa4 21. Ra1 Bb5
22. Bxb5 Qxb5 23. Nc5 Nd7 24. Nxa6 Nxe5 25. dxe5 b3 26. f4 Rc6 27. fxg5 Bxg5 28.
Qg4 Kf8 29. h4 Bxe3+ 30. Kh2 Rxa6 31. Qg6 Rd7 32. Qf6 Rxa1 33. Rxa1 Ba7 34. Rc1
Qb8 35. Qxh6+ Kg8 36. Rc3 Qxe5+ 37. Rg3+ Qxg3+ 38. Kxg3 d4 39. Qg5+ Kf8 40. Qb5
Ke7 41. Qd3 f5 42. h5 Bb8+ 43. Kf2 Be5 44. h6 Kf6 45. Qxb3 d3 46. Ke1 d2+ 47.
Kd1 Bf4 48. Qc3+ Kg6 49. Qc4 Kg5 50. g3 Bxg3 51. Qxe6 Rd6 52. Qg8+ Kxh6 53. Qxg3
Rd5 54. Qe3+ 1-0

[Event "Euro Online U2300 Day 1"]
[Site "chess.com INT"]
[Date "2020.05.25"]
[Round "4"]
[White "Monteverde, Jonathan"]
[Black "Lahav, Michal"]
[Result "1-0"]
[BlackTitle "WIM"]
[WhiteElo "2105"]
[BlackElo "2219"]
[WhiteFideId "1314580"]
[BlackFideId "2813742"]
[EventDate "2020.05.25"]

1. d4 Nf6 2. c4 c5 3. d5 e6 4. Nc3 exd5 5. cxd5 d6 6. e4 g6 7. Nge2 Bg7 8. Ng3
O-O 9. Be2 h5 10. Bg5 Qb6 11. Qd2 Nh7 12. Bf4 Nd7 13. Nf1 Re8 14. Ne3 Ne5 15. h3
Qd8 16. O-O a6 17. a4 Qf6 18. Bh2 Qh4 19. f4 Nd7 20. e5 dxe5 21. f5 Qd4 22. Rad1
Bh6 23. Rf3 Qxd2 24. Rxd2 e4 25. Rg3 Bf4 26. Rxg6+ fxg6 27. Bxf4 g5 28. Bc7 Nhf6
29. d6 Kg7 30. a5 Rf8 31. Nc4 Kh6 32. Nd1 Ne8 33. Bd8 Rxf5 34. Nde3 Rf8 35. Be7
Rf7 36. g4 hxg4 37. hxg4 Nef6 38. Nf5+ Kh7 39. Bd1 Nf8 40. Rh2+ Kg8 41. Nh6+ Kg7
42. Nxf7 Kxf7 43. Bb3 Be6 44. Ne5+ Ke8 45. Rh8 1-0

[Event "Euro Online U2300 Day 1"]
[Site "chess.com INT"]
[Date "2020.05.25"]
[Round "4"]
[White "Ceres, Dragos"]
[Black "Kacprzak, Kacper"]
[Result "1/2-1/2"]
[WhiteTitle "FM"]
[WhiteElo "2244"]
[BlackElo "1977"]
[WhiteFideId "13905864"]
[BlackFideId "21819319"]
[EventDate "2020.05.25"]

1. e4 c5 2. Nf3 Nc6 3. Bb5 g6 4. O-O Bg7 5. Nc3 Nf6 6. e5 Ng4 7. Bxc6 dxc6 8.
Re1 O-O 9. d3 f6 10. exf6 exf6 11. Ne4 b6 12. h3 Ne5 13. Nxe5 fxe5 14. Bg5 Qd5
15. Qd2 Bf5 16. Bh6 Rae8 17. Bxg7 Kxg7 18. Nc3 Qd4 19. Rad1 a5 20. Qe3 h6 21.
Qg3 g5 22. Rb1 Bg6 23. Re3 Rf4 24. Rbe1 a4 25. a3 b5 26. Qh2 b4 27. axb4 cxb4
28. Nxa4 Ref8 29. f3 b3 30. cxb3 Bxd3 31. Kh1 e4 32. Qg1 exf3 33. gxf3 Bf5 34.
Nc3 Qd6 35. Re7+ Kg8 1/2-1/2

[Event "Euro Online U2300 Day 1"]
[Site "chess.com INT"]
[Date "2020.05.25"]
[Round "4"]
[White "Aliyev, Elnur"]
[Black "Kastner, Walter"]
[Result "0-1"]
[BlackTitle "FM"]
[WhiteElo "2148"]
[BlackElo "2187"]
[WhiteFideId "13402617"]
[BlackFideId "1602500"]
[EventDate "2020.05.25"]

1. d4 d5 2. c4 e6 3. Nf3 Nf6 4. Bg5 Nbd7 5. Qc2 Be7 6. Nc3 O-O 7. O-O-O dxc4 8.
e4 a6 9. Bxc4 b5 10. Be2 Bb7 11. e5 Nd5 12. h4 c5 13. Nxd5 Bxd5 14. Bxe7 Qxe7
15. Ng5 g6 16. Bf3 cxd4 17. Bxd5 Rac8 18. Bc6 Nxe5 19. Kb1 Nxc6 20. f4 Qf6 21.
Ne4 Qe7 22. h5 Nb4 23. Qb3 Nc2 24. hxg6 fxg6 25. Ng5 h5 26. Nxe6 Qf7 27. Nxf8
Qxb3 28. axb3 Kxf8 29. g4 Rc5 30. b4 Rc4 31. gxh5 gxh5 32. Rxh5 Nxb4 33. Rh7 d3
34. Ra7 Rxf4 35. Rh1 Kg8 36. Rg1+ Kf8 37. Rh1 Kg8 38. Rg1+ Kf8 39. Rc1 Rc4 40.
Rf1+ Kg8 41. Rg1+ Kf8 42. Rh1 Kg8 43. Re1 Kf8 44. Rf1+ Kg8 45. Rd7 Rg4 46. Rd1
Rg2 0-1

[Event "Euro Online U2300 Day 1"]
[Site "chess.com INT"]
[Date "2020.05.25"]
[Round "4"]
[White "Pavlidis, Anastasios"]
[Black "Inyushkin, Sergei"]
[Result "1-0"]
[WhiteTitle "IM"]
[WhiteElo "2333"]
[BlackElo "1555"]
[WhiteFideId "4208404"]
[BlackFideId "4155122"]
[EventDate "2020.05.25"]

1. d4 g6 2. e4 Bg7 3. c4 Nc6 4. Nf3 e5 5. d5 Nd4 6. Nc3 c5 7. dxc6 dxc6 8. Be3
Ne7 9. Be2 O-O 10. O-O f5 11. Bg5 h6 12. Bd2 f4 13. Rc1 g5 14. Nxd4 exd4 15. Nb1
c5 16. Bg4 Nc6 17. Bxc8 Qxc8 18. f3 a5 19. Na3 Ne5 20. Be1 Kh8 21. Nb5 Ra6 22.
b3 h5 23. a3 g4 24. Qe2 Rg6 25. fxg4 Nxg4 26. Bd2 Ne3 27. Bxe3 fxe3 28. Rxf8+
Qxf8 29. Rf1 Rf6 30. Qxh5+ Bh6 31. Rxf6 Qxf6 32. Qe8+ Bf8 33. Qh5+ Kg7 34. Qg4+
Kh7 35. Qh3+ Bh6 36. Qd7+ Kg6 37. Qg4+ Bg5 38. h3 Qf2+ 39. Kh1 Qf1+ 40. Kh2 Qf4+
41. Kg1 Qxg4 42. hxg4 d3 43. Nc3 Bf6 44. Nd5 Bd4 45. Nf4+ Kg5 46. Nxd3 e2+ 47.
Kh2 Kxg4 48. e5 Kf5 49. Kg3 Ke4 50. Ne1 Ke3 51. e6 Bf6 52. Nf3 Be7 53. Ne1 Kd2
54. Nf3+ Kd1 55. Kf4 e1=Q 56. Nxe1 Kxe1 57. g4 Kd2 58. g5 Kc3 59. g6 1-0

[Event "Euro Online U2300 Day 1"]
[Site "chess.com INT"]
[Date "2020.05.25"]
[Round "4"]
[White "Dudin, Gleb"]
[Black "Yanev, Pavel"]
[Result "1-0"]
[WhiteTitle "FM"]
[WhiteElo "2387"]
[BlackElo "2267"]
[WhiteFideId "34184934"]
[BlackFideId "2910756"]
[EventDate "2020.05.25"]

1. d4 Nf6 2. c4 c5 3. d5 e5 4. Nc3 d6 5. e4 Nbd7 6. Bd3 Be7 7. Be3 O-O 8. h3 Ne8
9. Nf3 g6 10. Bh6 Ng7 11. g4 Nf6 12. Qd2 a6 13. O-O-O Bd7 14. Rhg1 b5 15. Rg3
bxc4 16. Bb1 Rb8 17. Rdg1 Qa5 18. h4 Rb7 19. h5 Rfb8 20. hxg6 fxg6 21. Nd1 Qxd2+
22. Nxd2 Bb5 23. f3 Nd7 24. Rh3 Nb6 25. Rgh1 Bf6 26. Be3 h5 27. Bc2 Kf7 28. Nc3
Bd7 29. R3h2 Be7 30. Bh6 h4 31. f4 exf4 32. Bxf4 g5 33. Be3 Kg8 34. e5 dxe5 35.
Nde4 Bxg4 36. Rg1 Bf5 37. Bxg5 Bxg5+ 38. Rxg5 Nc8 39. Nf6+ Kf7 40. Bxf5 Kxf6 41.
Ne4+ Kf7 42. Bxc8 Rxc8 43. Nd6+ Kf6 44. Rg1 e4 45. Nxb7 Nf5 46. Rf2 e3 47. Rxf5+
Kxf5 48. Nd6+ Kf4 49. Nxc8 h3 50. Kd1 1-0

[Event "Euro Online U2300 Day 1"]
[Site "chess.com INT"]
[Date "2020.05.25"]
[Round "4"]
[White "Gasimov, Parviz"]
[Black "Bykhovsky, Avigdor"]
[Result "0-1"]
[WhiteTitle "FM"]
[BlackTitle "GM"]
[WhiteElo "2337"]
[BlackElo "2405"]
[WhiteFideId "13408798"]
[BlackFideId "4101057"]
[EventDate "2020.05.25"]

1. e4 e6 2. d4 d5 3. Nd2 Nf6 4. e5 Nfd7 5. Bd3 c5 6. c3 Nc6 7. Ne2 cxd4 8. cxd4
Nb6 9. O-O Be7 10. f4 g6 11. Nf3 h5 12. b3 Bd7 13. Be3 Nb4 14. Bb1 Bb5 15. a3
Nc6 16. Rf2 Bxe2 17. Qxe2 a6 18. Bd3 Rc8 19. h3 h4 20. Nh2 Kd7 21. Qd1 Qf8 22.
b4 Na7 23. Qf1 Nc4 24. Ng4 Rc6 25. Rc2 b5 26. a4 Qb8 27. Bc1 Rhc8 28. f5 gxf5
29. Bxf5 exf5 30. Qxf5+ Re6 31. Qxf7 Rf8 32. Qh7 Rh8 33. Qd3 Nc6 34. Bd2 Qb6 35.
Bc3 Bxb4 36. axb5 axb5 37. Qf5 Nxd4 38. Qf7+ Be7 39. Rca2 Nc6+ 40. Kh1 Rf8 41.
Nf6+ Rxf6 42. Qxd5+ Rd6 43. exd6 Bxd6 44. Ra8 Rxa8 45. Rxa8 Qe3 46. Qf7+ Ne7 47.
Qe8+ Ke6 48. Ra1 Qxc3 49. Rf1 Qe5 50. Qf7+ Kd7 0-1

[Event "Euro Online U2300 Day 1"]
[Site "chess.com INT"]
[Date "2020.05.25"]
[Round "4"]
[White "Nikolova, Adriana"]
[Black "Simet, Martin"]
[Result "0-1"]
[WhiteTitle "WGM"]
[BlackTitle "FM"]
[WhiteElo "2247"]
[BlackElo "2194"]
[WhiteFideId "2908689"]
[BlackFideId "377244"]
[EventDate "2020.05.25"]

1. e4 c5 2. Nf3 Nc6 3. c3 d5 4. exd5 Qxd5 5. d4 cxd4 6. cxd4 Bg4 7. Be2 Rd8 8.
Nc3 Qh5 9. O-O e5 10. d5 Nf6 11. h3 Bxh3 12. gxh3 Qxh3 13. Ng5 Qh4 14. Qa4 Qxa4
15. Nxa4 Nxd5 16. Nc3 Ndb4 17. Bc4 Rd7 18. Be3 Nc2 19. Rad1 N2d4 20. Bxd4 Nxd4
21. Bb5 Nxb5 22. Nxb5 f6 23. Ne6 Ke7 24. Nc5 Rxd1 25. Rxd1 Kf7 26. Rd7+ Kg6 27.
Rd8 a6 28. Nc7 Kf7 29. N7e6 Bxc5 30. Rxh8 Kxe6 31. Rxh7 Kf7 32. Rh8 Bd4 33. b3
b6 34. b4 a5 35. b5 Kg6 36. Rc8 Kf5 37. Rc6 g5 38. Kf1 g4 39. Ke2 Kg5 40. Rc8 f5
41. Rg8+ Kf4 42. Rf8 Ke4 43. Rg8 Kd5 44. Rg5 f4 45. Rxg4 Kc5 46. f3 Kxb5 47. Kd3
Kb4 48. Rg2 Ka3 49. Kc4 Ka4 50. Re2 b5+ 51. Kd5 b4 52. Kc4 Ka3 53. Rg2 a4 54.
Rg8 Bc3 55. Ra8 Kxa2 56. Rxa4+ Kb2 57. Ra8 Kc2 58. Rb8 Kd2 59. Rd8+ Ke2 60. Rd3
Bd4 61. Rb3 Be3 62. Rxb4 Kxf3 63. Kd5 Bd4 64. Kc4 Ke2 65. Ra4 f3 66. Ra2+ Ke3
67. Ra3+ Ke4 68. Ra2 f2 69. Re2+ Kf3 70. Rxf2+ Kxf2 71. Kd3 Kf3 72. Kd2 Bf2 73.
Kd1 e4 74. Kc2 e3 75. Kb1 e2 76. Ka2 e1=Q 77. Kb3 Qe4 0-1

[Event "Euro Online U2300 Day 1"]
[Site "chess.com INT"]
[Date "2020.05.25"]
[Round "4"]
[White "Eynullayev, Atilla"]
[Black "Pantovic, Dragan M"]
[Result "1-0"]
[WhiteElo "2347"]
[BlackElo "2051"]
[WhiteFideId "13413570"]
[BlackFideId "915211"]
[EventDate "2020.05.25"]

1. e4 e5 2. Nf3 Nc6 3. Bb5 a6 4. Ba4 Nf6 5. O-O Be7 6. Re1 b5 7. Bb3 d6 8. c3
O-O 9. h3 Bb7 10. d4 Re8 11. Nbd2 Bf8 12. a3 h6 13. Bc2 g6 14. b3 Bg7 15. Bb2
Nb8 16. d5 c6 17. c4 cxd5 18. cxd5 Nbd7 19. Qe2 Rc8 20. Rac1 Qb6 21. b4 a5 22.
Bd3 Ba6 23. Nb3 axb4 24. axb4 h5 25. Na5 Bh6 26. Rc6 Qa7 27. Bc1 Bxc1 28. Rexc1
Rb8 29. Rxd6 Rec8 30. Rcc6 Bb7 31. Rxf6 Nxf6 32. Rxf6 Rc1+ 33. Kh2 Rbc8 34. Nxe5
Qd4 35. Nd7 R8c3 36. Rf3 Bc8 37. Nf6+ Kg7 38. Nc6 Qb6 39. Ne8+ Kg8 40. e5 Bb7
41. e6 Bxc6 42. exf7+ Kf8 43. Qe5 1-0

[Event "Euro Online U2300 Day 1"]
[Site "chess.com INT"]
[Date "2020.05.25"]
[Round "4"]
[White "Malczyk, Jakub"]
[Black "Krayz, Alexander"]
[Result "0-1"]
[BlackTitle "IM"]
[WhiteElo "2024"]
[BlackElo "2350"]
[WhiteFideId "1130854"]
[BlackFideId "2802066"]
[EventDate "2020.05.25"]

1. d4 Nf6 2. Nf3 e6 3. Bf4 b6 4. e3 Bb7 5. Be2 Be7 6. O-O d6 7. c3 Nh5 8. Bg3
Nd7 9. Nbd2 Nxg3 10. hxg3 Nf6 11. Bd3 h5 12. e4 Ng4 13. Qa4+ Kf8 14. Rad1 g6 15.
c4 Kg7 16. Qc2 Qg8 17. e5 Qh7 18. Ne4 h4 19. Nfg5 Bxg5 20. Nxg5 Qh6 21. Nh3 hxg3
22. Qd2 gxf2+ 23. Rxf2 Nxf2 24. Qxf2 Qh4 25. exd6 Qxf2+ 26. Kxf2 cxd6 27. b3 Rh4
28. Be2 Rah8 29. Ng1 Rh1 30. Rd2 f5 31. Bf3 Bxf3 32. Nxf3 Kf6 33. Ne1 g5 34. Re2
f4 35. Rc2 Rc8 36. Nf3 Kf5 37. Ke2 g4 38. Nd2 Rh2 39. Kf1 f3 40. Nxf3 gxf3 41.
g4+ Kxg4 42. Rxh2 e5 43. dxe5 dxe5 44. Rh7 Rd8 45. Kf2 Rd2+ 46. Ke3 Re2+ 47. Kd3
e4+ 48. Kd4 f2 49. Rf7 e3 0-1

[Event "Euro Online U2300 Day 1"]
[Site "chess.com INT"]
[Date "2020.05.25"]
[Round "4"]
[White "Muradli, Mahammad"]
[Black "Sergeev, Nikita S."]
[Result "1-0"]
[WhiteTitle "IM"]
[WhiteElo "2449"]
[BlackElo "1335"]
[WhiteFideId "13409301"]
[BlackFideId "34253670"]
[EventDate "2020.05.25"]

1. Nf3 Nf6 2. d4 e6 3. c4 c5 4. d5 b5 5. Qc2 bxc4 6. e4 exd5 7. exd5 Nxd5 8.
Bxc4 Nb6 9. O-O Be7 10. Re1 O-O 11. Bd3 h6 12. Qe2 Nc6 13. Nc3 Bb7 14. Bf4 Rc8
15. Rad1 d5 16. Bb1 Re8 17. h4 Bf8 18. Qc2 g6 19. h5 Qf6 20. Bg3 Rxe1+ 21. Rxe1
Nb4 22. Qd2 d4 23. Ne4 Bxe4 24. Bxe4 Nc6 25. hxg6 fxg6 26. b3 Kg7 27. Nh4 g5 28.
Nf5+ Kg8 29. Qe2 Re8 30. Bd5+ Nxd5 31. Qxe8 Qxf5 32. Qxc6 d3 33. Re5 Nb4 34. Qb5
Qf4 35. Bxf4 gxf4 36. Qc4+ Kg7 37. Qxf4 Bd6 38. Qg4+ Kf7 39. Qe6+ Kg7 40. Qxd6
d2 41. Re7+ 1-0

[Event "Euro Online U2300 Day 1"]
[Site "chess.com INT"]
[Date "2020.05.25"]
[Round "4"]
[White "Simonovic, Miroslav"]
[Black "Acikel, Mert"]
[Result "1-0"]
[WhiteTitle "CM"]
[WhiteElo "2129"]
[BlackElo "2149"]
[WhiteFideId "919152"]
[BlackFideId "12956465"]
[EventDate "2020.05.25"]

1. d4 d5 2. Bg5 Nd7 3. e3 h6 4. Bh4 Ngf6 5. f4 e6 6. Nd2 Be7 7. Ngf3 Ne4 8. Bxe7
Qxe7 9. Nxe4 dxe4 10. Nd2 f5 11. Qh5+ Qf7 12. Qxf7+ Kxf7 13. Bc4 Nf6 14. Bb3 Nd5
15. Ke2 b6 16. a4 Ba6+ 17. Bc4 Bxc4+ 18. Nxc4 Rhc8 19. Ne5+ Kf6 20. c4 Nb4 21.
a5 c5 22. axb6 axb6 23. Nd7+ Kf7 24. Nxb6 Rxa1 25. Rxa1 cxd4 26. Ra7+ Kg8 27.
exd4 Rc6 28. c5 Kh7 29. Rd7 Kg6 30. g3 Kf6 31. Nc4 Nd3 32. Ne5 1-0

[Event "Euro Online U2300 Day 1"]
[Site "chess.com INT"]
[Date "2020.05.25"]
[Round "4"]
[White "Brilej, Jaka"]
[Black "Gevorgyan, Albert"]
[Result "1-0"]
[WhiteTitle "CM"]
[WhiteElo "2228"]
[BlackElo "2170"]
[WhiteFideId "14618818"]
[BlackFideId "13309951"]
[EventDate "2020.05.25"]

1. e4 e5 2. Nf3 Nc6 3. Bb5 a6 4. Ba4 Nge7 5. c3 g6 6. d4 exd4 7. cxd4 Bg7 8. O-O
b5 9. Bc2 O-O 10. h3 d5 11. e5 Bf5 12. Nc3 Qd7 13. Ne2 f6 14. exf6 Bxf6 15. Be3
Rac8 16. Ng3 Bg7 17. Rc1 Bxc2 18. Rxc2 Nf5 19. Nxf5 Rxf5 20. a3 Re8 21. Qd2 Nd8
22. Rfc1 c6 23. Ne1 Qe6 24. Nd3 Ref8 25. Nc5 Qc8 26. Nd3 Qc7 27. Nb4 a5 28. Nxc6
Nxc6 29. Rxc6 Qe7 30. Qxa5 Qe4 31. Qd2 R5f7 32. Rc8 h5 33. Rxf8+ Bxf8 34. Qc2
Qe6 35. Qc6 Qf5 36. Qxb5 Kh7 37. Qe2 Qe4 38. Qc2 Qh4 39. a4 Bg7 40. Qd2 Qe4 41.
a5 Rb7 42. a6 Ra7 43. Rc6 Qb1+ 44. Kh2 Qf5 45. b4 Bf8 46. b5 Qb1 47. Qc2 Bd6+
48. g3 Qb4 49. Qc3 Qxb5 50. Rxd6 Qf1 51. Rb6 Rf7 52. Rb7 1-0

[Event "Euro Online U2300 Day 1"]
[Site "chess.com INT"]
[Date "2020.05.25"]
[Round "4"]
[White "Sudakova, Irina"]
[Black "Bounlom, Jannik"]
[Result "1-0"]
[WhiteTitle "WGM"]
[WhiteElo "2288"]
[BlackElo "2102"]
[WhiteFideId "4129903"]
[BlackFideId "1334930"]
[EventDate "2020.05.25"]

1. e4 c5 2. Ne2 d6 3. g3 g6 4. Bg2 Bg7 5. c3 Nc6 6. d4 cxd4 7. cxd4 e6 8. Nbc3
Nge7 9. O-O O-O 10. d5 exd5 11. Nxd5 Nxd5 12. Qxd5 Nb4 13. Qb3 a5 14. a3 Be6 15.
Qd1 Nc6 16. Nf4 Bc4 17. Re1 a4 18. Nd5 Bb3 19. Qd3 Nd4 20. Nb4 Rc8 21. Be3 Bc4
22. Qd1 Nb3 23. Rb1 Nc5 24. Rc1 Bb3 25. Qd2 Be6 26. Bxc5 dxc5 27. Nd5 b5 28. Qe2
f5 29. Nf4 Bc4 30. Rxc4 bxc4 31. Qxc4+ Kh8 32. Ne6 Qf6 33. Nxf8 Rxf8 34. e5 Qb6
35. Re2 Rd8 36. f4 Qb3 37. Qxc5 Qd1+ 38. Kf2 Qd4+ 39. Qxd4 Rxd4 40. Ke3 Rc4 41.
Kd3 Rc8 42. Rc2 Rd8+ 43. Ke3 Kg8 44. Bc6 Kf7 45. Bxa4 Ke7 46. Rc7+ Kf8 47. Bb3
Bh6 48. Rf7+ Ke8 49. Rxh7 g5 50. Rxh6 1-0

[Event "Euro Online U2300 Day 1"]
[Site "chess.com INT"]
[Date "2020.05.25"]
[Round "4"]
[White "Tsirulnik, Maritsa"]
[Black "Brett, Andrew R"]
[Result "0-1"]
[WhiteElo "2139"]
[BlackElo "2085"]
[WhiteFideId "14118688"]
[BlackFideId "416460"]
[EventDate "2020.05.25"]

1. d4 Nf6 2. c4 e6 3. g3 c5 4. d5 exd5 5. cxd5 d6 6. Nc3 g6 7. Bg2 Bg7 8. Nf3
O-O 9. O-O Re8 10. Bf4 Ne4 11. Nxe4 Rxe4 12. Nd2 Rxf4 13. gxf4 Bxb2 14. Rb1 Bg7
15. e3 a6 16. a4 b5 17. Qc2 Nd7 18. Rfe1 Rb8 19. axb5 axb5 20. Bf1 c4 21. Nf3
Qc7 22. Red1 Nc5 23. Nd4 Bd7 24. Bg2 Na4 25. Rd2 c3 26. Rd3 b4 27. Nc6 Bxc6 28.
dxc6 Nc5 29. Rd4 Bxd4 30. exd4 Ne6 31. d5 Nxf4 32. Qe4 b3 33. Qxf4 c2 34. Rc1 b2
35. Be4 bxc1=Q+ 0-1

[Event "Euro Online U2300 Day 1"]
[Site "chess.com INT"]
[Date "2020.05.25"]
[Round "4"]
[White "Burdalev, Kirill"]
[Black "Exler, Veronika"]
[Result "1-0"]
[WhiteTitle "FM"]
[BlackTitle "WIM"]
[WhiteElo "2394"]
[BlackElo "2155"]
[WhiteFideId "14121913"]
[BlackFideId "1620550"]
[EventDate "2020.05.25"]

1. d4 d5 2. Nf3 Nf6 3. c4 e6 4. g3 Be7 5. Bg2 O-O 6. O-O dxc4 7. Qc2 b6 8. Nbd2
Bb7 9. Nxc4 c5 10. dxc5 Bxc5 11. Rd1 Nbd7 12. Bg5 Qc8 13. Rac1 Be4 14. Qd2 Qb7
15. Nd6 Bxd6 16. Qxd6 h6 17. Bf4 Rac8 18. a3 Rxc1 19. Rxc1 Rc8 20. Rc7 Rxc7 21.
Qxc7 Qxc7 22. Bxc7 Nd5 23. Bd6 f6 24. Bf1 Kf7 25. Nd2 Bc2 26. e4 Ne7 27. f3 Nc5
28. b4 Nd3 29. Nc4 b5 30. Na5 a6 31. Nb7 Nc8 32. Bc5 Ke8 33. h4 Ne5 34. Kf2 h5
35. Bh3 Kd7 36. Bf8 Kc6 37. Nc5 f5 38. Nxe6 Kb6 39. Nd4 1-0

[Event "Euro Online U2300 Day 1"]
[Site "chess.com INT"]
[Date "2020.05.25"]
[Round "4"]
[White "Bulockin, Martin"]
[Black "Babiy, Olga"]
[Result "0-1"]
[BlackTitle "WGM"]
[WhiteElo "2255"]
[BlackElo "2228"]
[WhiteFideId "371610"]
[BlackFideId "14117258"]
[EventDate "2020.05.25"]

1. d4 d5 2. Nf3 a6 3. Bf4 Nf6 4. Nbd2 c5 5. e3 Nc6 6. c3 Bg4 7. Qb3 Qc8 8. h3
Bxf3 9. Nxf3 e6 10. Be2 Be7 11. O-O O-O 12. Ne5 Ne4 13. Qc2 cxd4 14. Nxc6 Qxc6
15. exd4 b5 16. Bd3 f5 17. f3 Nd6 18. Rae1 Nc4 19. Bxc4 bxc4 20. Qe2 Kf7 21. Bc1
Rae8 22. Qc2 Bd8 23. Re2 Bc7 24. Rfe1 Kg8 25. f4 Re7 26. b4 cxb3 27. axb3 Rc8
28. Ba3 Ree8 29. g3 Bb6 30. Kg2 Bxd4 31. c4 dxc4+ 32. Kh2 c3 33. Qd3 Bf6 34. g4
Rcd8 35. Qg3 g6 36. g5 Bg7 37. Rc1 Qb5 38. Qg2 Qxe2 39. Qxe2 Rd2 40. Qxd2 cxd2
41. Rd1 Bc3 42. Bd6 Rd8 43. Be5 Bxe5 44. fxe5 h6 45. h4 Rd4 46. Kg3 Kg7 47. Kf3
Rxh4 48. Rxd2 hxg5 49. Rd7+ Kf8 50. Rb7 Re4 51. Rb8+ Kg7 52. Rb7+ Kh6 53. Rb6
g4+ 54. Kg3 Rxe5 55. Rxa6 Kg5 56. b4 Re3+ 57. Kf2 f4 58. b5 g3+ 59. Kg2 Kg4 60.
Ra4 Re2+ 61. Kf1 Rb2 62. Re4 g2+ 63. Kg1 Kg3 64. Re1 f3 0-1